000 00575nam a2200229Ia 4500
003 OSt
005 20221005121521.0
006 a|||||r|||| 00| 0
007 ta
008 221004b |||||||| |||| 00| 0 eng d
024 _a55700
037 _cTextual
040 _aCRL
_cCRL
_beng
041 _2eng
_aeng
082 _aV2:10Q:N3, G6
100 _aManshardt Clifford
_9106078
245 0 _aHindu-Muslim problem in India
260 _c1936
650 _aHISTORY
942 _hV2:10Q:N3, G6
_cTEXL
_2cc
999 _c1041353
_d1041353